000 00495nam a2200181Ia 4500
005 20250326141549.0
008 250326s9999 xx 000 0 und d
037 _aTextbook
040 _aFMSL
_beng
_cFMSL
041 _aeng
_2eng
084 _aV8 M7
_qFMSL
100 _aAvasthi A
_9105323
245 0 _aPublic administration
_cAvasthi A; Maheshwari S
260 _aAgra
_bAgra, Lakshmi Narain Agrawal
_c1987
300 _a608p
942 _cTB
_hV8 M7
999 _c1290898
_d1290898